00385nam a2200133Ia 4500008004100000020001500041041001200056100001600068245009800084250000800182260003900190300000800229650001400237221030s9999 xx 000 0 und d a8131723272 aEnglish aG. F. Luger 0aArtificial Intelligence : Structures & Strategies for Complex Problem Solvingcby G. F. Luger a5th bPearson EdcuationaNew Delhic2013 a903 aComputers